000 00634nam a2200205 4500
001 135700
003 ES-MaACL
005 20230906194933.0
007 t|
008 070214s1954 sp r ||||1| spa d
100 1 _aRuiz, Juan
_cArcipreste de Hita.
_9100615
245 1 0 _aLibro de Buen Amor /
_cArzipestre [sic] de Hita ; texto íntegro en versión de María Brey Mariño.
260 _aValencia :
_bCastalia,
_c1954.
300 _a313 p. ;
_c20 cm.
490 1 _aOdres nuevos
700 1 _aBrey Mariño, María.
_931657
830 0 _aOdres nuevos
_9181463
852 _aES-MaACL
_jC-6806
_bR.35980
999 _c135700
_d135700